Podnikanie formou rodinných podnikov bakalárska práca

Enregistré dans:
Détails bibliographiques
Auteur principal: Šagátová, Ivana
Collectivité auteur: Národohospodárska fakulta EU. Katedra financií
Autres auteurs: Belanová, Katarína, 1978-
Format: Livre
Langue:slovaque
Publié: Bratislava 2015
Tags: Ajouter un tag
Pas de tags, Soyez le premier à ajouter un tag!

MARC

LEADER 00000nbm a2200000 4500
001 0204998
005 20161212094916.6
041 0 |a slo 
044 |a SK 
245 1 0 |a Podnikanie formou rodinných podnikov  |b bakalárska práca  |c Ivana Šagátová ; školiteľ: Katarína Belanová 
264 1 |a Bratislava  |c 2015 
300 |a 54 s. 
100 1 |a Šagátová, Ivana 
700 1 |a Belanová, Katarína, 1978- 
710 2 |a Národohospodárska fakulta EU. Katedra financií